La planificación del desarrollo en América Latina /
La primera parte de este libro presenta trabajos evaluatorios sobre experiencias de planificación económica en Latinoamérica. La segunda incluye ensayos sobre técnicas y modelos de planificación global, provenientes tanto de Latinoamérica como de otras latitudes, y con una amplia diversidad metodoló...
Uloženo v:
| Hlavní autor: | |
|---|---|
| Médium: | Kniha |
| Jazyk: | španělština |
| Vydáno: |
México :
Fondo de Cultura Económica,
1975, c1975
|
| Edice: | (Lecturas de El Trimestre Económico ;
11) |
| Témata: | |
| Tagy: |
Žádné tagy, Buďte první, kdo vytvoří štítek k tomuto záznamu!
|
MARC
| LEADER | 00000nam^a2200000^a^4500 | ||
|---|---|---|---|
| 001 | 000098942 | ||
| 005 | 20250521000000.0 | ||
| 009 | 20260310093109.841 | ||
| 037 | |a Acervo ITESO - Biblioteca | ||
| 041 | |a ESP | ||
| 082 | |a 330. 980 |b GAR | ||
| 100 | |a García D'Acuña, Eduardo |e (selec.) | ||
| 245 | 1 | 3 | |a La planificación del desarrollo en América Latina / |c Selec. de E. García D'Acuña. |
| 264 | 4 | |a México : |b Fondo de Cultura Económica, |c 1975, c1975 | |
| 300 | |a 421 p. | ||
| 336 | |a texto |b txt |2 rdacontenido | ||
| 337 | |a sin mediación |b n |2 rdamedio | ||
| 338 | |a volumen |b nc |2 rdasoporte | ||
| 440 | 1 | |a (Lecturas de El Trimestre Económico ; |v 11) | |
| 520 | |a La primera parte de este libro presenta trabajos evaluatorios sobre experiencias de planificación económica en Latinoamérica. La segunda incluye ensayos sobre técnicas y modelos de planificación global, provenientes tanto de Latinoamérica como de otras latitudes, y con una amplia diversidad metodológica. | ||
| 649 | |a XX | ||
| 650 | |a Desarrollo Económico-Social - |z Latinoamérica | ||
| 650 | |a Planeación Económica - |z Latinoamérica | ||
| 650 | |a Economía - |z Latinoamérica | ||
| 650 | |a Latinoamérica - |x Condiciones Económicas | ||
| 910 | |a Fondo General | ||
| 920 | |a Impresos - Libros | ||
| 930 | |a Colección General | ||
| 905 | |a 101 | ||
| 901 | |a 0500033934 |b IT1 |c ACC |u 20250521 | ||
| 902 | |a https://opac.biblio.iteso.mx/vufind/Record/000098942 | ||